Álgebra lineal /

Guardado en:
Autor Principal: Hoffman, Kenneth.
Otros Autores: Kunze, Ray.
Formato: Libro
Idioma:Spanish
English
Publicado: México : Prentice-Hall Hispanoamericana, c1973.
Etiquetas: Agregar Etiqueta
Sin Etiquetas, Sea el primero en etiquetar este registro!
LEADER 00638nam a22002055a 4500
001 MAT.inmabb005332
008 090514s1973####mx#######b####001#0#spa#d
005 20130307114109.0
245 1 0 |a Álgebra lineal /  |c Kenneth Hoffman, Ray Kunze. 
260 |a México :  |b Prentice-Hall Hispanoamericana,  |c c1973. 
300 |a 400 p. ;  |c 25 cm. 
500 |a Traducción de: Linear algebra. 2nd ed. 1971. 
504 |a Bibliografía: p. 393. 
020 |a 9688800090 
100 1 |a Hoffman, Kenneth. 
240 1 0 |a Linear algebra.  |l Español 
700 1 |a Kunze, Ray. 
084 |a 15-01  |2 msc2000 
041 1 |a spa  |h eng 
859 |h 15  |i H699  |p A-8547  |b BIB. MATEMATICA